[Event "GER-chT U14 Girls"]
[Site "Magdeburg"]
[Date "2012.12.29"]
[Round "5.4"]
[White "Diederich, Lena"]
[Black "Schulz, Theresa Charlotte"]
[Result "1/2-1/2"]
[WhiteElo "1219"]
[BlackElo "964"]
[PlyCount "48"]
[EventDate "2012.12.27"]
[EventType "team-swiss"]
[EventRounds "7"]
[EventCountry "GER"]
[SourceTitle "EXT 2014"]
[Source "ChessBase"]
[SourceDate "2013.11.20"]
[SourceVersion "1"]
[SourceVersionDate "2013.11.20"]
[SourceQuality "1"]
[WhiteTeam "Breitenworbis"]
[BlackTeam "Erfurt Empor"]
[WhiteTeamCountry "GER"]
[BlackTeamCountry "GER"]

1. e4 e5 2. Nf3 Nc6 3. Bc4 Bc5 4. c3 Nf6 5. d3 d6 6. 0-0 Be6 7. Bxe6 fxe6 8. b4 Bb6 9. Nbd2 a6 10. h3 Qe7 11. Nb3 0-0-0 12. a4 Qf7 13. Ng5 Qe8 14. b5 Na5 15. Nxa5 Bxa5 16. Qb3 d5 17. bxa6 b6 18. Ra2 h6 19. Nf3 dxe4 20. Nxe5 exd3 21. Nc4 Rd5 22. Nxa5 Rxa5 23. Qc4 Qd7 24. Be3 Qd5 1/2-1/2

[Event "GER-chT U14 Girls"]
[Site "Arendsee"]
[Date "2011.12.27"]
[Round "2.4"]
[White "Holschuh, Paulina"]
[Black "Diederich, Lena"]
[Result "0-1"]
[WhiteElo "725"]
[BlackElo "916"]
[PlyCount "124"]
[EventDate "2011.12.27"]
[EventType "team-swiss"]
[EventRounds "7"]
[EventCountry "GER"]
[SourceTitle "EXT 2022"]
[Source "ChessBase"]
[SourceDate "2021.10.06"]
[SourceVersion "1"]
[SourceVersionDate "2021.10.06"]
[SourceQuality "1"]
[WhiteTeam "Riegelsberg U14 Girls"]
[BlackTeam "Breitenworbis U14 Girls"]
[WhiteTeamCountry "GER"]
[BlackTeamCountry "GER"]

1. e4 e5 2. Nf3 d6 3. Nc3 Be7 4. Bc4 Nf6 5. d3 0-0 6. Bg5 Nxe4 7. dxe4 Bxg5 8. Nxg5 Qxg5 9. h3 Qxg2 10. Ke2 Bxh3 11. Qd3 Be6 12. Rag1 Bg4+ 13. Kd2 Qxf2+ 14. Kc1 Bd7 15. Nd1 Qd4 16. Qf1 Qxe4 17. Rh2 Qf4+ 18. Kb1 Qxh2 19. Rh1 Qf4 20. Bd3 Qxf1 21. Rxf1 Bg4 22. Rh1 g6 23. a3 Nc6 24. Ne3 Be6 25. Bc4 Bxc4 26. Nxc4 Rae8 27. Ne3 Re6 28. Rh2 Rf6 29. Nd5 Rf1+ 30. Ka2 Rc8 31. Nf6+ Kg7 32. Ng4 Re8 33. Rh3 Nd4 34. c3 Nc6 35. Ne3 Rg1 36. Nd5 Re6 37. Nxc7 Rf6 38. Ne8+ Kf8 39. Nxf6 Kg7 40. Ne8+ Kf8 41. Nxd6 h5 42. Nxb7 e4 43. Re3 f5 44. Nd6 Rg4 45. Nb5 h4 46. Nxa7 Nxa7 47. c4 Rg3 48. Rb3 Rxb3 49. Kxb3 h3 50. c5 h2 51. a4 h1Q 52. a5 Qh2 53. a6 Qc7 54. Ka3 Qxc5+ 55. Kb3 Ke7 56. Ka4 Qb5+ 57. Ka3 Kd6 58. b3 Kc5 59. b4+ Qxb4+ 60. Ka2 Kc4 61. Ka1 Kc3 62. Ka2 Qb2# 0-1